000 00559nam a22001937a 4500
999 _c170864
_d170864
005 20191227152601.0
010 _aB-123674
020 _a8126020652
_c25.00
035 _aB-123674
037 _bBPPD/Pub.
082 _a841.08
100 _aرضوان احمد
245 _aرضا نقوی واہی /
_cرضوان احمد
246 _aRaza Naqvi Vahi (Urdu mongraph) /
_bby Rizwan Ahmad
260 _aNew Delhi
_bSahitya Akademi
_c2005 ء
270 _a-
_b-
_e-
300 _a81p.
_c21cm(pbk)
942 _2ddc
_cUR
_h841.08
_mن ق و